Megacities of the World In 2050 - Statistics

General Stats
  • This quiz has been taken 355 times
  • The average score is 44 of 50
Answers on the Map
Answers color-coded by a green-red scale on the quiz's map according to % correct below.
 
Answer Stats
Answer % Correct
Los Angeles
99%
Mexico City
99%
New York City
99%
Chicago
98%
Moscow
98%
Paris
98%
Rio de Janeiro
98%
Tokyo
98%
Cairo
97%
New Delhi
97%
Shanghai
97%
Beijing
96%
Buenos Aires
96%
Istanbul
96%
Lima
96%
Mumbai
96%
Jakarta
95%
Manila
95%
Sao Paulo
95%
Bogota
94%
Tehran
94%
Bangkok
93%
Lagos
93%
Osaka
92%
Baghdad
91%
Ho Chi Minh City
91%
Kinshasa
91%
Kabul
90%
Dhaka
89%
Guangzhou
88%
Addis Ababa
87%
Karachi
87%
Kolkata
87%
Nairobi
87%
Khartoum
85%
Lahore
82%
Luanda
81%
Sana'a
81%
Bangalore
80%
Chennai
79%
Dar es Salaam
79%
Hyderabad
77%
Tianjin
70%
Shenzhen
68%
Ahmedabad
66%
Kano
66%
Abidjan
65%
Pune
59%
Pune
59%
Chittagong
57%
No matching quizzes found
Score Distribution
Percent of People with Each Score
Percentile by Number Answered
Your Score History
You have not taken this quiz